000 00815cam a2200289 i 4500
999 _c533069
_d533069
001 4107482
003 NUST
005 20191211131512.0
008 750623s1975 nyua b 001 0 eng
010 _a 75020233
020 _a0471563447
038 _aMSOHAIL
040 _aDLC
_cDLC
_dDLC
050 0 0 _aTD892
_b.M33
082 0 0 _a620.23
100 1 _aMagrab, Edward B.
_92473
245 1 0 _aEnvironmental noise control /
_cEdward B. Magrab.
260 _aNew York :
_bWiley,
_c[1975]
300 _axii, 299 p. :
_bill. ;
_c23 cm.
500 _a"A Wiley-Interscience publication."
500 _aIncludes index.
504 _aBibliography: p. 288-290.
650 0 _aNoise pollution.
_926748
650 0 _aNoise control.
_93293
906 _a7
_bcbc
_corignew
_d1
_eocip
_f19
_gy-gencatlg
942 _2ddc
_cBK